01015nam a22002657a 45000010005000000030006000050050017000110080041000280200018000690400029000870500016001160820010001321000019001422450042001612600038002033000049002414900027002905050008003175200262003255210020005875210020006076500036006276500043006637000043007067543FISKH20250723152141.0250723b cb ||||| |||| 00| 0 eng d a9780516249636 aFISKHbengcFISKHdFISKH aQA113 .S366 a513.2 aSargent, Brian aGuess the order / cBy Brian Sargent  aNew York : bScholastic , c2006. a31 pages : bcolor illustrations ;c19 cm .  aRookie Read-About Math aH  aThe popular Rookie Books expand their horizons - to all corners of the globe! With this series all about geography, emergent readers will take off on adventures to cities, nations, waterways, and habitats around the world...and right in their own backyards.8 a430 bLexile 8 aH bRaz-Plus  aCounting vJuvenile Literature  aProblem solving vJuvenile Literature  aAnderson, Caroline ePhoto Researcher